Animes par images de personnages #1 - Statistiques

Statistiques générales
  • Ce quiz a été pris 33 733 fois
  • Le résultat moyen est 13 sur 20
Statistiques - réponses
Par images Réponse % Correct
Dragon Ball Z
97%
Pokémon
93%
Demon Slayer
89%
Assassination Classroom
85%
L'Attaque des Titans
85%
Olive et Tom
84%
Fairy Tail
83%
Bleach
79%
Jujutsu Kaisen
75%
Beyblade
62%
Sailor Moon
59%
Les Chevaliers du Zodiaque
58%
Tokyo Revengers
58%
The Promised Neverland
57%
Berserk
56%
Nicky Larson
53%
Sword Art Online
53%
Heidi
45%
Violet Evergarden
40%
Ken le Survivant
38%
Aucun quiz correspondant
Distribution des résultats
% des personnes avec chaque résultat
Percentile par nombre de réponses
Votre historique - résultats
Vous n’avez pas pris ce quiz